Países hispanohablantes en emojis - Estadísticas

Estadísticas generales
  • Esta prueba ha sido intentada 5.839 veces
  • La puntuación promedio es 10 de 16
Estadísticas de respuestas
Pista Respuesta % Correcto
🌮🌯🌶️ México
99%
🧉⚽🇮🇹 Argentina
92%
☕🎤👱🏼‍♀️ Colombia
85%
💃🏻🐂🥘 España
84%
🗿⛏️🏔️ Chile
75%
🌄🤴🏾🦙 Perú
69%
🧉🐄🏖️ Uruguay
69%
*🇺🇸🏝️🎧 Puerto Rico
65%
🏜️⛏️🦙 Bolivia
63%
🛢️⚾🏞️ Venezuela
61%
🚬🥊🍹 Cuba
55%
🧉🚣🏻‍♀️🐆 Paraguay
51%
💃🏿🏖️⚾ República Dominicana
46%
🏖️🚢💵 Panamá
43%
🦜🌋🌽 Guatemala
38%
🌍🛢️🥵 Guinea Ecuatorial
34%
No se encontraron pruebas coincidentes
Distribución de puntuación
Porcentaje de gente con cada puntuación
Porcentaje por número respondido
Historial de tus puntuaciones
No has intentado esta prueba.